Andie MacDowell Filmography - Statistics

General Stats
  • This quiz has been taken 24 times
    6 since last reset
  • The average score is 37 of 109
Answer Stats
Type Year Name % Correct
Film 1993 Groundhog Day
100%
Film 1994 Four Weddings and a Funeral
83%
Web Mini-Series 2019 Four Weddings and a Funeral
83%
Web Mini-Series 2021 Maid
67%
TV Show 1989 Saturday Night Live
67%
Film 1992 The Player
67%
Film 2024 A Sudden Case of Christmas
50%
Film 1990 Green Card
50%
Film 1984 Greystoke: The Legend of Tarzan, Lord of the Apes
50%
Film 1991 Hudson Hawk
50%
Film 1999 Muppets from Space
50%
Film 2019 Ready or Not
50%
Film 1989 Sex, Lies, and Videotape
50%
Web Series 2024, 2025 The Kardashians
50%
TV Show 2023-Present The Way Home
50%
TV Show 2012 30 Rock
33%
Film 2022 Along for the Ride
33%
Film 2010 As Good as Dead
33%
TV Film 2017 At Home in Mitford
33%
TV Film 2010 At Risk
33%
Web Special 2021 Attack of the Hollywood Cliches!
33%
Film 1994 Bad Girls
33%
Film 2006 Barnyard
33%
Film 2005 Beauty Shop
33%
Film 2013 Breaking at the Edge
33%
TV Show 2013-2015 Cedar Cove
33%
Film 2017 Christmas Inheritance
33%
Film 2001 Crush
33%
TV Show 2019 Cuckoo
33%
TV Film 2020 Dashing in December
33%
Film 2010 Daydream Nation
33%
TV Film 2001 Dinner with Friends
33%
Film 2011 Footloose
33%
Film 2002 Ginostra
33%
Film 2022 Good Girl Jane
33%
Film 2024 Goodrich
33%
Film 2000 Harrison's Flowers
33%
TV Documentary 2019 Hugh Grant: A Life on Screen
33%
Film 2008 Inconceivable
33%
Film 2007 Intervention
33%
TV Show 2012 Jane by Design
33%
TV Film 2002 Jo
33%
Film 1999 Just the Ticket
33%
TV Show 2023 King Star King
33%
TV Show 2010 Lone Star
33%
Film 2017 Love After Love
33%
TV Film 2019 Lovestruck
33%
Film 2015 Magic Mike XXL
33%
Film TBA Melpomene
33%
Film 1996 Michael
33%
Film 2011 Monte Carlo
33%
TV Show 2021 Mr. Mayor
33%
Film 1996 Multiplicity
33%
TV Show 1998 Muppets Tonight
33%
Film 2023 My Happy Ending
33%
Film 2020 No Man's Land
33%
Film 2017 Only the Brave
33%
TV Film 2001 On the Edge
33%
Film 2018 Paper Year
33%
Film 2024 Red Right Hand
33%
TV Film 2005 Riding the Bus with My Sister
33%
Film 1992 Ruby Cairo
33%
TV Show 2017 RuPaul's Drag Race
33%
Film 1998 Shadrach
33%
Film 2016 Shadrach
33%
Film 1993 Short Cuts
33%
TV Show 1988 Spenser: For Hire
33%
Film 1985 St. Elmo's Fire
33%
Film 2005 Tara Road
33%
Film 2009 The 5th Quarter
33%
TV Film 2018 The Beach House
33%
TV Show 2020 The Dress Up Gang
33%
Film 1997 The End of Violence
33%
TV Film 2010 The Front
33%
Film 2019 The Last Laugh
33%
Film 2005 The Last Sign
33%
Film 1999 The Muse
33%
Film 1991 The Object of Beauty
33%
Film 2023 The Other Zoey
33%
TV Show 2003 The Practice
33%
TV Film 2008 The Prince of Motor City
33%
TV Special 2019 The Red Nose Day Special
33%
TV Mini-Series 1988 The Secret of the Sahara
33%
Film 2009 The Six Wives of Henry Lefay
33%
Film TBA The Temptation of Gracie
33%
Film TBA The Token Groomsman
33%
Film 2001 Town & Country
33%
TV Show 2017 Trial & Error
33%
Film 1995 Unstrung Heroes
33%
Film TBA Wildfire
33%
Documentary 2020 Wim Wenders: Desperado
33%
Web Series 2020 Wireless
33%
TV Film 1991 Women & Men 2
33%
TV Special 2020, 2021 Women of Worth
33%
Documentary Mini-Series 1998 Bravo Profiles: The Entertainment Business
17%
Documentary 1997 Canary of the Ocean
17%
Short Documentary 2002 Groundhog Day: The Weight of Time
17%
Documentary 2017 Kevyn Aucoin: Beauty & the Beast in Me
17%
Commercial 2003-Present L'Oréal
17%
TV Short 2019 One Red Nose Day and a Wedding
17%
Award Show 2009 Save the World Awards
17%
TV Documentary 1995 The World of James Bond
17%
TV Special 2005 Tsunami Aid: A Concert of Hope
17%
TV Show 2003 Wanna Bet?
17%
Commercial 1983 Calvin Klein Jeans
0%
Documentary 1993 Luck, Trust & Ketchup: Robert Altman in Carver Country
0%
TV Documentary 1992 Sex, Lies and Holes in the Sky
0%
Commercial 2021 Skillshare
0%
TV Show 1990, 1991 The Tonight Show Starring Johnny Carson
0%
No matching quizzes found
Score Distribution
Percent of People with Each Score
Percentile by Number Answered
Your Score History
You have not taken this quiz since the last reset